Finite mathematics with calculus

Αποθηκεύτηκε σε:
Λεπτομέρειες βιβλιογραφικής εγγραφής
Κύριος συγγραφέας: Hoffmann, Laurence D. 1943-
Άλλοι συγγραφείς: Bradley, Gerald L. 1940-
Μορφή: Βιβλίο
Γλώσσα:English
Δημοσίευση: New York : McGraw-Hill, c1995
Έκδοση:2nd ed.
Θέματα:
Ετικέτες: Προσθήκη ετικέτας
Δεν υπάρχουν, Καταχωρήστε ετικέτα πρώτοι!

MARC

LEADER 00000nam a2200000 i 4500
001 1/105916
008 000329s1995 eng d
020 |a 0-07-029352-X 
035 |l 10059432 
040 |a GR-MY-UA  |b gre  |e aacr 
041 0 |a eng 
082 0 |a 510 
100 1 |a Hoffmann, Laurence D.  |d 1943- 
245 1 0 |a Finite mathematics with calculus /  |c Laurence D. Hoffmann, Gerald L. Bradley 
250 |a 2nd ed. 
260 |a New York :   |b McGraw-Hill,   |c c1995 
300 |a 1 v. (various pagings);  |b ill. (some col.);  |c 25 cm. 
500 |a Eight chapters reprinted from: Mathematics with applications. c1979; seven chapters reprinted from: Brief calculus with applications. 1993. 
504 |a Includes bibliographical references and index 
650 0 0 |a Mathematics. 
700 1 |a Bradley, Gerald L.  |d 1940- 
852 |a INST  |b SAMOS  |e 20000329  |h 510 HOF  |p 005300017814  |q 005300017814  |t BK  |y 0 
901 |a BIBL3-2000-1 
909 |a Σ  |b 076936 
922 |a 3ΕΛΗ  |b 200003  |c ΚΠΣ  |d ΠΑΠΑΣΩΤΗΡΙΟΥ 
950 |a 116-2000-01-10 
970 |a ΚΟΣΙΕΡΗΣ  |b ΧΡΗΣΤΟΣ  |z 2000/04/17